Southville International School and Colleges
Your cart is empty.
  • Cart
  • Lists
    Public lists Eva Luna New books Lux_list list_1
    Your lists Log in to create your own lists
  • Log in to your account
  • Your cookies
  • Search history
Southville International School and Colleges
  • Advanced search
  • Recent comments
  • Most popular
  • Libraries

Log in to your account

Log in with GOOGLE


If you do not have an external account, but do have a local account, you can still log in:

  1. Home
  2. MARC view: How to wow :
Normal view MARC view ISBD view

How to wow : (Record no. 21048)

[ view plain ]
MARC details
000 -LEADER
fixed length control field 00645nam a2200229 a 4500
005 - DATE AND TIME OF LATEST TRANSACTION
control field 20140310183304.0
008 - FIXED-LENGTH DATA ELEMENTS--GENERAL INFORMATION
fixed length control field 050713s19uu xx 00 eng d
020 ## - INTERNATIONAL STANDARD BOOK NUMBER
International Standard Book Number 032130330X
050 ## - LIBRARY OF CONGRESS CALL NUMBER
Classification number T 385
Item number .K27 2005
100 ## - MAIN ENTRY--PERSONAL NAME
Personal name Kabili, Jan
245 ## - TITLE STATEMENT
Title How to wow :
Remainder of title photoship for the web /
Statement of responsibility, etc Jan Kabili & Colin Smith.
260 ## - PUBLICATION, DISTRIBUTION, ETC. (IMPRINT)
Place of publication, distribution, etc Berkeley, CA :
Name of publisher, distributor, etc Peachpit Press,
Date of publication, distribution, etc 2005.
300 ## - PHYSICAL DESCRIPTION
Extent 195 p. :
Other physical details col. ill. ;
Dimensions 23 cm.
521 ## - TARGET AUDIENCE NOTE
Target audience note
650 ## - SUBJECT ADDED ENTRY--TOPICAL TERM
Topical term or geographic name as entry element Computer graphics.
650 ## - SUBJECT ADDED ENTRY--TOPICAL TERM
Topical term or geographic name as entry element Websites
General subdivision Design.
650 ## - SUBJECT ADDED ENTRY--TOPICAL TERM
Topical term or geographic name as entry element Adobe Photoshop.
650 ## - SUBJECT ADDED ENTRY--TOPICAL TERM
Topical term or geographic name as entry element Adobe Image Ready.
700 ## - ADDED ENTRY--PERSONAL NAME
Personal name Smith, Colin
942 ## - ADDED ENTRY ELEMENTS (KOHA)
Koha item type Books
Source of classification or shelving scheme Library of Congress Classification
Call number prefix Foreign
Holdings
Withdrawn status Lost status Source of classification or shelving scheme Damaged status Home library Current library Shelving location Date acquired Total Checkouts Full call number Barcode Date last seen Copy number Price effective from Koha item type
    Library of Congress Classification   College Library College Library General Circulation Section 07/13/2005   T 385 .K27 2005 C6055 05/15/2018 1 03/10/2014 Books

How to wow :

APA

Kabili J., Smith C., . (2005). How to wow. Berkeley, CA: Peachpit Press.

Chicago

Kabili Jan, Smith Colin, . 2005. How to wow. Berkeley, CA: Peachpit Press.

Harvard

Kabili J., Smith C., . (2005). How to wow. Berkeley, CA: Peachpit Press.

MLA

Kabili Jan, Smith Colin, . How to wow. Berkeley, CA: Peachpit Press. 2005.

  • Place hold
  • Print
  • Cite
  • Add to your cart (remove)
  • Save record
    BIBTEX Dublin Core MARCXML MARC (non-Unicode/MARC-8) MARC (Unicode/UTF-8) MARC (Unicode/UTF-8, Standard) MODS (XML) RIS
  • More searches
    Search for this title in:
    Other Libraries (WorldCat) Other Databases (Google Scholar) Online Stores (Bookfinder.com) Open Library (openlibrary.org)

Exporting to Dublin Core...

SOUTHVILLE LIBRARY

Southville International School and Colleges Library

1281 Tropical Ave. Cor. Luxembourg St., BF Homes International, Las Pinas City

Tel. No. 8256374 / 252358 Loc. 117/146

Powered by Koha